000 02737cam a2200421 i 4500
001 bcotR000204
005 20210215102200.0
006 m u
007 cr cn ---uuuuu
008 170726s2017 nyu o 000 0 eng d
020 _a9781942341468
_q(ebook)
035 _a(OCoLC)993255777
037 _bBCOpenCampus
_cCostFree
_fFormOnline
_gAccessOpen
040 _aBNM
_beng
_erda
_dCaBSKC
050 4 _aPN1996.9.P7
_bR45 2017eb
100 1 _aReich, John,
_eauthor.
245 1 0 _aExploring movie construction and production :
_bwhat's so exciting about movies? /
_cJohn Reich.
264 1 _bOpen SUNY Textbooks,
264 2 _bBCcampus, BC Open Textbook Project
300 _a1 online resource (vii, 83 pages)
500 _aThis work is licensed under the Creative Commons Attribution-NonCommercial-ShareAlike License.
500 _aThis bibliographic record is available under the Creative Commons CC0 "No Rights Reserved" license.
520 _a"Exploring Movie Construction and Production contains eight chapters of the major areas of film construction and production. The discussion covers theme, genre, narrative structure, character portrayal, story, plot, directing style, cinematography, and editing. Important terminology is defined and types of analysis are discussed and demonstrated. An extended example of how a movie description reflects the setting, narrative structure, or directing style is used throughout the book to illustrate building blocks of each theme. This approach to film instruction and analysis has proved beneficial to increasing students' learning, while enhancing the creativity and critical thinking of the student"--BC Campus website.
588 _aDescription based on online resource; title from pdf title page (viewed on July 26, 2017).
650 0 _aMotion pictures
_xProduction and direction
_vTextbooks.
650 0 _aMotion picture authorship
_vTextbooks.
655 0 _aElectronic books.
710 2 _aOpen SUNY Textbooks,
_eissuing body.
710 2 _aBC Open Textbook Project,
_edistributor.
710 2 _aBCcampus.
856 4 0 _3BC Open Textbook Project title homepage
_uhttps://open.bccampus.ca/find-open-textbooks/?uuid=19892992-ae43-48c4-a832-59faa1d7108b&contributor=&keyword=&subject=
856 4 0 _3BC Open Textbook Project
_uhttp://solr.bccampus.ca:8001/bcc/file/19892992-ae43-48c4-a832-59faa1d7108b/1/Exploring-Movie-Construction-and-Production-1499438054.pdf
856 4 0 _3Open SUNY
_uhttps://milnepublishing.geneseo.edu/exploring-movie-construction-and-production/
999 _c28344
_d28344